000 00287nam a22001337a 4500
003 SGT
020 _a9788179104958
082 _a001.4,MEE
100 _aMEENA, JANAK SINGH
245 _aDICTIONARY OF RESEARCH METHODS
260 _aJAIPUR
_bAPD
_c2015
300 _a107
942 _2ddc
_cBK
999 _c33487
_d33487